000 00276nam a2200121Ia 4500
008 190216s9999||||xx |||||||||||||| ||und||
100 _aPillai R S N&Amp; Bagavathi
245 0 _aMarketing
260 _bS Chand & Co
_c1994
300 _a478p
650 _aCommerce
942 _cBK
999 _c5569
_d5569